| 000 | 01073cam a2200337 a 4500 | ||
|---|---|---|---|
| 001 | 5576 | ||
| 003 | FISKH | ||
| 005 | 20250815120836.0 | ||
| 008 | 080204s2008 nyua j 000 1 eng | ||
| 010 | _a 2007051842 | ||
| 020 | _a9781416968658 | ||
| 020 | _a1416968652 | ||
| 020 | _a9781416968658 | ||
| 040 |
_aDLC _cDLC _dDLC _beng |
||
| 050 | _aPZ7.R39245 | ||
| 082 | _a258 | ||
| 100 | 1 | _aRichards, Melinda. | |
| 245 | 1 | 0 |
_aWe can help! / _cadapted by Melinda Richards ; based on the teleplay written by Billy Lopez and Josh Selig ; illustrated by Little Airplane Productions. |
| 260 |
_aNew York : _bSimon Spotlight, _c2008. |
||
| 300 |
_a22 unnumbered pages : _bcolor illustrations ; _c23 cm |
||
| 490 | 0 | _aReady-to-read. Pre-level 1 | |
| 505 | _aA | ||
| 520 | _aThe Wonder Pets help a tiger with a thorn in her paw! | ||
| 521 |
_a70
_bLexile estimate |
||
| 521 |
_aA
_bRaz-Plus |
||
| 650 |
_aEasy Reader _vKids |
||
| 700 | _aFogarty, Alexandria | ||
| 906 |
_a7 _bcbc _corignew _d1 _eecip _f20 _gy-gencatlg |
||
| 942 |
_2ddc _cBK _n0 |
||
| 999 |
_c5576 _d5576 |
||